At the FSLN Congress: did the sandinistas change enough to achieve victory in 1996? /

El documento analiza las elecciones en Nicaragua y el papel de Frente Sandinista de Liberación Nacional, la mujer en Nicaragua, su economía, la actuación de Daniel Ortega y el rol jugado por la UNO. HB/hmbq

Gorde:
Xehetasun bibliografikoak
Egile nagusia: Gunn, Joe
Formatua: Texto
Gaiak:
Etiketak: Etiketa erantsi
Etiketarik gabe, Izan zaitez lehena erregistro honi etiketa jartzen!

MARC

LEADER 00000 a a2200000 04500
001 785
003
040
100 |a Gunn, Joe  
245 |a At the FSLN Congress:   |b did the sandinistas change enough to achieve victory in 1996? /  |c Joe Gunn 
520 |a El documento analiza las elecciones en Nicaragua y el papel de Frente Sandinista de Liberación Nacional, la mujer en Nicaragua, su economía, la actuación de Daniel Ortega y el rol jugado por la UNO. HB/hmbq  
650 |a FRENTE SANDINISTA DE LIBERACION NACIONAL, NI  
650 |a ELECCIONES  
650 |a MUJERES  
650 |a ASPECTOS ECONOMICOS  
650 |a ASPECTOS SOCIALES  
773 |g volumen 16, número 5; páginas 6-7  
999 |c 37478  |d 37478